Acteurs en D (par images). - Statistiques

Statistiques générales
  • Ce quiz a été pris 973 fois
  • Le résultat moyen est 13 sur 20
Statistiques - réponses
Par images Réponse % Correct
Leonardo DiCaprio
100%
Jean Dujardin
97%
Louis de Funes
97%
Johnny Depp
95%
James Dean
86%
Alain Delon
78%
Vin Diesel
77%
Matt Damon
75%
Robert Downey Jr.
75%
Robert De Niro
74%
Catherine Deneuve
73%
François Damiens
72%
Cameron Diaz
60%
Willem Dafoe
45%
Michael Douglas
42%
Adam Driver
41%
Daniel Day-Lewis
27%
Patrick Dewaere
25%
Judi Dench
18%
Robert Duvall
12%
Aucun quiz correspondant
Distribution des résultats
% des personnes avec chaque résultat
Percentile par nombre de réponses
Votre historique - résultats
Vous n’avez pas pris ce quiz